UK General Election Winners - Statistics

General Stats
  • This quiz has been taken 86 times
  • The average score is 39 of 71
Answer Stats
Year Answer % Correct
2019 Boris Johnson
100%
2024 Keir Starmer
94%
1987 Margaret Thatcher
94%
1983 Margaret Thatcher
94%
1979 Margaret Thatcher
94%
2005 Tony Blair
94%
2001 Tony Blair
94%
1997 Tony Blair
94%
1951 Winston Churchill
94%
2015 David Cameron
92%
2010 David Cameron
92%
2017 Theresa May
92%
1992 John Major
88%
1950 Clement Attlee
83%
1945 Clement Attlee
83%
Oct 1974 Harold Wilson
79%
Feb 1974 Harold Wilson
79%
1966 Harold Wilson
79%
1964 Harold Wilson
79%
1970 Edward Heath
72%
1874 Benjamin Disraeli
71%
1959 Harold Macmillan
69%
1955 Anthony Eden
67%
1935 Stanley Baldwin
63%
1931 Stanley Baldwin
63%
1924 Stanley Baldwin
63%
1923 Stanley Baldwin
63%
1929 Ramsay MacDonald
58%
1885 William Gladstone
54%
1880 William Gladstone
54%
1868 William Gladstone
54%
1830 Duke of Wellington
51%
Dec 1910 Herbert Asquith
51%
Jan 1910 Herbert Asquith
51%
1741 Robert Walpole
47%
1734 Robert Walpole
47%
1727 Robert Walpole
47%
1722 Robert Walpole
47%
1796 William Pitt the Younger
46%
1790 William Pitt the Younger
46%
1784 William Pitt the Younger
46%
1922 Bonar Law
43%
1918 Bonar Law
43%
1841 Robert Peel
42%
1826 Earl of Liverpool
39%
1820 Earl of Liverpool
39%
1818 Earl of Liverpool
39%
1812 Earl of Liverpool
39%
1900 Marquess of Salisbury
38%
1895 Marquess of Salisbury
38%
1892 Marquess of Salisbury
38%
1886 Marquess of Salisbury
38%
1852 Earl of Derby
33%
1847 Earl of Derby
33%
1906 Henry Campbell-Bannerman
33%
1832 Earl Grey
31%
1831 Earl Grey
31%
1780 Lord North
29%
1774 Lord North
29%
1768 Lord North
29%
1865 Lord Palmerston
29%
1859 Lord Palmerston
29%
1857 Lord Palmerston
29%
1761 Duke of Newcastle
25%
1754 Duke of Newcastle
25%
1837 Lord Melbourne
25%
1835 Lord Melbourne
25%
1806 Lord Grenville
18%
1747 Henry Pelham
17%
1807 Duke of Portland
15%
1802 Henry Addington
15%
No matching quizzes found
Score Distribution
Percent of People with Each Score
Percentile by Number Answered
Your Score History
You have not taken this quiz